000 03918nam a22004337a 4500
005 2010090309399.0
010 _aENG-101403 B-423995-4007
020 _c275.00
_a9789380658513
035 _aEN-84936
035 _a B-423995-4007
037 _bDBAD/PUB
037 _bResearchco Book Centre
082 _a362.196994490092
100 _aRich, Katherine Russell.
_931806
245 1 _aThe red devil :
_cby Katherine Russell Rich
_bto hell with cancer - and back /
260 _aChennai
_bTranquebar press
_c2010
270 _aVenkat Towers,165,P.H.Road,opp.Maduravoyal Municipal Office
_bChennai
_e600 095
300 _a262p.
_c22cm (pbk)
650 _aBreast
_vBiography.
_xCancer
_xPatients
_zUnited States
_931807
700 _9865
700 _918041
700 _918060
942 _adpl
_cEN
_2ddc
_mRIC
_h362.196994490092
999 _c43598
_d43598